| 000 | 00362nam a2200145Ia 4500 | ||
|---|---|---|---|
| 008 | 230917s9999||||xx |||||||||||||| ||und|| | ||
| 040 |
_e46745 _aMAIN |
||
| 041 | _aEnglish | ||
| 082 | _a822.33 S15J | ||
| 100 | _aShakespeare, William | ||
| 245 | 0 | _aJulies Caesar | |
| 260 |
_aCambridge _bCambridge University Press _c1980 |
||
| 300 | _axlvii, p. | ||
| 942 | _cBK | ||
| 999 |
_c226034 _d226034 |
||